| 000 | nam a22 a 4500 | ||
|---|---|---|---|
| 999 |
_c332271 _d332271 |
||
| 003 | BLK | ||
| 005 | 20190708112120.0 | ||
| 008 | 190708b bu ||||| |||| 00| 0 bu d | ||
| 040 | _aBLK | ||
| 041 |
_aBUL _cBUL |
||
| 080 |
_aСелско стопанство. Горско стопанство. Лов. Рибно стопанство _b63 _x(497.2)(092) _z63(497.2)(092) |
||
| 080 |
_aБългарски агроном _b929 Василев, Кольо Атанасов _z92 Василев, Кольо Атанасов |
||
| 100 |
_9298082 _aВладимиров, Денчо _eпърви автор |
||
| 139 |
_aВладимиров, Денчо _bВ 24 |
||
| 245 |
_aПрофесор дсн Кольо Атанасов Василев _cДенчо Владимиров |
||
| 260 |
_9212113 _aПловдив _bЦентър за евроинтеграция и култура към Висше у-ще Земед. колеж _c2010 _fПловдив : Блаком _n978-954-9498- ; 954-91328- |
||
| 300 |
_a68 с. : с цв. ил., факс. _c23 см |
||
| 380 | _a63 | ||
| 490 |
_9207177 _aВидни български учени _xC625-4071 |
||
| 500 | _aУчител по мъдрост, по лидерство, по човещина! / Димитър Димитров | ||
| 600 | 0 |
_9394814 _aВасилев, Кольо Атанасов |
|
| 650 | 0 |
_9394813 _aКадри, селскостопански |
|
| 650 | 0 |
_9269258 _aСелско стопанство - България |
|
| 653 | 7 |
_9180423 _aагрономи |
|
| 653 | 7 |
_9182720 _aбългарски учени |
|
| 653 | 7 |
_9194452 _aпреподаватели |
|
| 852 | _cК 63(497.2)(092)/В 24 | ||
| 942 |
_cKNG _n0 |
||
| 944 |
_aCR _c2019-07-08 _kГеновева Генчева |
||